Normal view
MARC view
- تأليف حجازي،أحمد عبد المعطي
Entry Personal Name
001 - CONTROL NUMBER
- control field: 12990
003 - CONTROL NUMBER IDENTIFIER
- control field: JO-AjAnu
005 - DATE AND TIME OF LATEST TRANSACTION
- control field: 20230606072359.0
008 - FIXED-LENGTH DATA ELEMENTS
- fixed length control field: 230606|| aca||aabn | a|a d
040 ## - CATALOGING SOURCE
- Original cataloging agency: JO-AjAnu
- Transcribing agency: JO-AjAnu
100 ## - HEADING--PERSONAL NAME
- Personal name: تأليف حجازي،أحمد عبد المعطي
670 ## - SOURCE DATA FOUND
- Source citation: Work cat.: (JO-AjAnu)6684: تأليف حجازي،أحمد عبد المعطي, author, ديوان مرثية للعمر الجميل ، ديوان كائنات مملكة الليل ، ديوان أشجار الأسمنت، الجزء الثاني